| 000 | 00794nam a22001935i 4500 | ||
|---|---|---|---|
| 001 | 162820 | ||
| 003 | ES-MaACL | ||
| 005 | 20250812063127.0 | ||
| 008 | 990122s1879 fr |||| | fre d | ||
| 040 |
_aCCPB | B _bspa _cCCPB | B |
||
| 100 | 1 |
_aQuicherat, Jules-Étienne, _d1814-1882 _9131518 |
|
| 245 | 1 | 0 |
_aRodrigue de Villandrando _b: l'un des combattants pour l'indépendance française au quinzième siècle / _cpar J. Quicherat. |
| 260 |
_aParis : _bLibrairie Hachette et Cie, _c1879 ( _fTypographie A. Lahure) |
||
| 300 |
_aV, 356 p., [1] h. de lám. pleg. ; _c22 cm. |
||
| 600 | 1 | 7 |
_aVillandrando, Rodrigo de, _d1378?-1448 _2 _9157243 |
| 650 | 0 | 4 |
_aGuerra de los Cien Años, 1337-1453. _913192 |
| 852 |
_aES-MaACL _jG-6086 _z-- Rúst. deteriorada |
||
| 999 |
_c162820 _d162820 |
||